000 00328nam a2200145Ia 4500
008 150301s2015 xx 000 0 und d
082 _a616.07
_bP15M
100 _aMOHAN, HARSH
245 _aTB. OF PATHOLOGY
250 _a7TH
260 _bJAYPEE
_aDELHI
_c2015
300 _a954
650 _aPATHOLOGY
942 _2ddc
_cBK
_0164
999 _c6578
_d6578